Road atlas of Britain England Scotland Wales 1990 The complete road atlas for travel in Britain

Podrobná bibliografia
Hlavný autor: Mac Nally, Rand (Autor)
Médium: Kniha
Jazyk:angličtina
Vydavateľské údaje: /Chicago/ /Rand Mac Nally/ 1990
ISBN:0528800299

MARC

LEADER 00000nam a2200000 a 4500
001 vtls001149456
003 SK-MaSNL
005 20260301002157.0
008 240314s1990 US 0 eng
020 |a 0528800299 
035 |a SNK000092317 
040 |a SNK  |b slo  |c SNK  |e AACR2 
044 |a US 
100 1 |a Mac Nally, Rand  |4 aut  |9 281536 
245 1 0 |a Road atlas of Britain England Scotland Wales 1990  |b The complete road atlas for travel in Britain  |c Rand Mac Nally 
260 |a /Chicago/  |b /Rand Mac Nally/  |c 1990 
919 |a 0-528-80029-9 
958 |a OND 
999 |c 536748  |d 538678 
952 |t P66, <07>, [BOOK], {604}  |a SNK  |b SNK  |y VYP  |7 0  |p 17A0075403  |o snkIA 850  |i snkZK 375/91  |0 0  |1 0  |4 0  |d 1997-07-11  |l 0  |r 2005-01-01 00:00:00  |w 2026-02-23